[Event "Standard Chess, 30+3, KO, open to all"]
[Site "SchemingMind.com"]
[Date "2008.09.11"]
[Round "-"]
[White "Konan_Kaddosh"]
[Black "Mariazb"]
[Result "1-0"]
[WhiteCountry "ITA"]
[BlackCountry "ARG"]
[WhiteElo "2602"]
[WhiteRD "70"]
[BlackElo "2306"]
[BlackRD "89"]
[GameID "170545"]

1. d4 f5 2. g3 Nf6 3. Bg2 d6 4. Nf3 Nbd7 5. c4 e5 6. O-O Be7 7. Nc3 O-O 8. Ng5 Nb6 9. Qb3 c5 10. dxc5 dxc5
11. a4 a5 12. Rd1 Qc7 13. Nf3 Nbd7 14. Nh4 Nb6 15. Nb5 Qb8 16. Bg5 Be6 17. Rac1 Rf7 18. Bd5 Bxd5 19. cxd5 c4 20. Rxc4 Nxc4
21. Qxc4 Qc8 22. Qb3 Qc5 23. Nxf5 Qb4 24. Nxe7+ Rxe7 25. Qc2 Rd7 26. d6 Qg4 27. Bxf6 gxf6 28. Rd5 Rad8 29. Rc5 Kg7 30. Rc7 h5
31. f3 Qe6 32. Qe4 b6 33. Nd4 Qf7 34. Nf5+ Kf8 35. Qb7 Qe6 36. e4 h4 37. Qxb6 hxg3 38. hxg3
1-0

[Event "Standard Chess, 30+3, KO, open to all"]
[Site "SchemingMind.com"]
[Date "2008.09.12"]
[Round "-"]
[White "Mariazb"]
[Black "Konan_Kaddosh"]
[Result "0-1"]
[WhiteCountry "ARG"]
[BlackCountry "ITA"]
[WhiteElo "2258"]
[WhiteRD "85"]
[BlackElo "2618"]
[BlackRD "66"]
[GameID "170550"]

1. c4 e5 2. Nc3 Nf6 3. Nf3 Nc6 4. e3 Bb4 5. Qc2 O-O 6. Nd5 Re8 7. Qf5 d6 8. Nxf6+ gxf6 9. Qh5 e4 10. a3 exf3
11. axb4 Nxb4 12. Kd1 Re5 13. Qxf3 c5 14. b3 Bf5 15. Bb2 Bc2+ 16. Kc1 a5 17. Bxe5 dxe5 18. e4 Qd7 19. Qxf6 Bxe4 20. Qxe5 Bg6
21. Qc3 a4 22. d3 a3 23. h4 Qf5 24. Rh3 Qxf2 25. Rf3 Qxh4 26. Be2 Bh5 27. Re3 Qf2 28. Kd2 Bxe2 29. Rxe2 Qf4+ 30. Ke1 Rd8
31. d4 Rxd4 32. Qf3 Qh2 33. Re8+ Kg7 34. Ke2 Nd3 35. Rf1 Nf4+ 36. Kf2 Kh6 37. Rg8 a2 38. Qe3 f5 39. Ra1 Re4 40. Qc1 Qh4+
0-1

[Event "Standard Chess, 30+3, KO, open to all"]
[Site "SchemingMind.com"]
[Date "2008.11.30"]
[Round "-"]
[White "Ilang"]
[Black "embuchador"]
[Result "1-0"]
[WhiteCountry "HUN"]
[BlackCountry "INT"]
[WhiteElo "2416"]
[WhiteRD "83"]
[BlackElo "1740"]
[BlackRD "143"]
[GameID "180462"]

1. e4 Nf6 2. e5 Nd5 3. d4 d6 4. Nf3 Bg4 5. Be2 c6 6. c4 Nb6 7. Qb3 Qc7 8. Bf4 N8d7 9. exd6 exd6 10. Nc3 Nf6
11. O-O O-O-O 12. a4 a6 13. a5 Nbd7 14. Ng5 Bxe2 15. Nxe2 Re8 16. Rfe1 Nb8 17. c5 h6 18. Nxf7 Rh7 19. Bxd6 Qd7 20. Bxf8 Rxf8
21. Nd6+ Kd8 22. Nf4 Nd5 23. Nxb7+ Kc8 24. Nd6+
1-0

[Event "Standard Chess, 30+3, KO, open to all"]
[Site "SchemingMind.com"]
[Date "2008.11.30"]
[Round "-"]
[White "embuchador"]
[Black "Ilang"]
[Result "0-1"]
[WhiteCountry "INT"]
[BlackCountry "HUN"]
[WhiteElo "1743"]
[WhiteRD "141"]
[BlackElo "2391"]
[BlackRD "80"]
[GameID "180472"]

1. e4 e5 2. Nf3 Nc6 3. Bb5 a6 4. Bxc6 dxc6 5. O-O f6 6. d4 Bg4 7. Be3 exd4 8. Bxd4 Bxf3 9. gxf3 Bd6 10. e5 fxe5
11. Re1 Qg5+ 12. Kh1 O-O-O 13. Rg1 Qh4 14. Rg4 Qh5
0-1

[Event "Standard Chess, 30+3, KO, open to all"]
[Site "SchemingMind.com"]
[Date "2009.03.06"]
[Round "-"]
[White "Ilang"]
[Black "swashbuckler"]
[Result "1-0"]
[WhiteCountry "HUN"]
[BlackCountry "GBR"]
[WhiteElo "2391"]
[WhiteRD "87"]
[BlackElo "1880"]
[BlackRD "85"]
[GameID "195272"]

1. e4 e5 2. Nf3 Nc6 3. Bb5 a6 4. Ba4 Nf6 5. O-O Be7 6. Re1 b5 7. Bb3 d6 8. c3 O-O 9. h3 Bb7 10. d4 Re8
11. Nbd2 Bf8 12. a4 Na5 13. Bc2 b4 14. d5 bxc3 15. bxc3 c6 16. c4 Qc7 17. Bd3 Reb8 18. Qc2 Bc8 19. Bb2 c5 20. Rab1 g6
21. Nf1 Bh6 22. Bc3 Nh5 23. Ne3 Nf4 24. Bf1 Bd7 25. Rb2 Rxb2 26. Qxb2 Qb7 27. Qa1 Nb3 28. Rb1 Rb8 29. Qa3 Bf8 30. Nd2
1-0

[Event "Standard Chess, 30+3, KO, open to all"]
[Site "SchemingMind.com"]
[Date "2009.03.06"]
[Round "-"]
[White "swashbuckler"]
[Black "Ilang"]
[Result "0-1"]
[WhiteCountry "GBR"]
[BlackCountry "HUN"]
[WhiteElo "1880"]
[WhiteRD "85"]
[BlackElo "2391"]
[BlackRD "87"]
[GameID "195275"]

1. Nf3 d5 2. c4 c6 3. g3 Nf6 4. Bg2 dxc4 5. O-O Nbd7 6. Na3 Nb6 7. Qc2 Qd5 8. Ne1 Qd4 9. Nf3 Qd5 10. Ne1 Qd4
11. Nf3= Qe4 12. d3 cxd3 13. exd3 Qb4 14. Bd2 Qa4 15. Rfe1 Qxc2 16. Nxc2 g6 17. Bb4 Nfd5 18. Ba3 Bg7 19. d4 Bf6 20. b3 O-O
21. Ne5 Rd8 22. Ne3 Nxe3 23. fxe3 Nd5 24. e4 Nc7 25. Bb2 a5 26. Rad1 a4 27. Nc4 axb3 28. axb3 Bg4 29. Rd2 Ra2 30. e5 Bg5
31. Rf2 Be6 32. h4 Bh6 33. Ba3 Rxf2 34. Kxf2 Rxd4 35. Bxe7 Rd3 36. Bd6 Ne8 37. Bf1 Rxb3 38. Rd1 Bd5 39. g4 Rf3+
0-1

[Event "Standard Chess, 30+3, KO, open to all"]
[Site "SchemingMind.com"]
[Date "2009.04.30"]
[Round "-"]
[White "Konan_Kaddosh"]
[Black "Brennan Price"]
[Result "1-0"]
[WhiteCountry "ITA"]
[BlackCountry "USA"]
[WhiteElo "2621"]
[WhiteRD "72"]
[BlackElo "2130"]
[BlackRD "95"]
[GameID "202548"]

1. e4 c5 2. Nf3 d6 3. d4 cxd4 4. Nxd4 Nf6 5. Nc3 a6 6. Be2 e5 7. Nb3 Be7 8. O-O O-O 9. Be3 Be6 10. Qd2 Nbd7
11. a4 Qc7 12. a5 Rac8 13. Rfd1 Qc6 14. Bf3 Rfe8 15. h3 h6 16. Qe1 Qc7 17. Rd2 b5 18. axb6 Nxb6 19. Na5 Nc4 20. Nxc4 Qxc4
21. Be2 Qb4 22. Bxa6 Ra8 23. Rdd1
1-0

[Event "Standard Chess, 30+3, KO, open to all"]
[Site "SchemingMind.com"]
[Date "2009.05.01"]
[Round "-"]
[White "Brennan Price"]
[Black "Konan_Kaddosh"]
[Result "0-1"]
[WhiteCountry "USA"]
[BlackCountry "ITA"]
[WhiteElo "2130"]
[WhiteRD "95"]
[BlackElo "2621"]
[BlackRD "72"]
[GameID "202551"]

1. e4 c5 2. Nf3 Nc6 3. d4 cxd4 4. Nxd4 e5 5. Nb5 d6 6. N1c3 a6 7. Na3 b5 8. Nd5 Nf6 9. Bg5 Be7 10. Bxf6 Bxf6
11. c4 b4 12. Nc2 a5 13. g3 O-O 14. Bg2 Bg5 15. O-O Be6 16. Nce3 Bxe3 17. fxe3 Nb8 18. Rc1 Nd7 19. Qh5 Ra7 20. Rc2 Rb7
21. Rcf2 Nc5
0-1

[Event "Standard Chess, 30+3, KO, open to all"]
[Site "SchemingMind.com"]
[Date "2009.08.23"]
[Round "-"]
[White "Konan_Kaddosh"]
[Black "griffimv"]
[Result "1-0"]
[WhiteCountry "ITA"]
[BlackCountry "INT"]
[WhiteElo "2606"]
[WhiteRD "75"]
[BlackElo "2267"]
[BlackRD "96"]
[GameID "216625"]

1. e4 e5 2. Nf3 Nf6 3. Nc3 Nc6 4. Bb5 Bb4 5. O-O O-O 6. d3 d6 7. Bg5 Bxc3 8. bxc3 Qe7 9. Re1 Nd8 10. d4 Ne6
11. Bc1 c5 12. a4 Rd8 13. h3 Nf8 14. Nh4 cxd4 15. cxd4 Ne6 16. Nf5 Qc7 17. Qf3 Nxd4 18. Nxd4 exd4 19. Bg5 Qe7 20. Rad1 h6
21. Bf4 g5 22. Bh2 a6 23. Bc4 Be6 24. e5 Ne8 25. Bxe6 fxe6 26. exd6 Nxd6 27. Qb3 Re8 28. Rxd4 Rad8 29. Qd3 Nf7 30. Rxd8 Rxd8
31. Qg6+ Kf8 32. Be5 Nxe5 33. Rxe5
1-0

[Event "Standard Chess, 30+3, KO, open to all"]
[Site "SchemingMind.com"]
[Date "2009.08.23"]
[Round "-"]
[White "griffimv"]
[Black "Konan_Kaddosh"]
[Result "0-1"]
[WhiteCountry "INT"]
[BlackCountry "ITA"]
[WhiteElo "2267"]
[WhiteRD "96"]
[BlackElo "2606"]
[BlackRD "75"]
[GameID "216631"]

1. d4 Nf6 2. c4 e6 3. Nf3 b6 4. g3 Ba6 5. b3 Bb4+ 6. Bd2 Be7 7. Bg2 O-O 8. O-O d5 9. cxd5 Nxd5 10. Nc3 Nd7
11. Nxd5 exd5 12. Rc1 Re8 13. Re1 Bb7 14. b4 Bd6 15. Qb3 Nf6 16. Ne5 Bxe5 17. dxe5 Rxe5 18. Bf4 Re7 19. b5 h6 20. Rc2 Ne4
21. Bxe4 dxe4 22. Rd2 Qe8 23. Red1 a6 24. a4 Kh7 25. Rc1 axb5 26. axb5 g5 27. Bxc7 e3 28. fxe3 Qc8 29. Qc3 Qh3 30. e4 Bxe4
0-1

[Event "Standard Chess, 30+3, KO, open to all"]
[Site "SchemingMind.com"]
[Date "2010.02.04"]
[Round "-"]
[White "Ilang"]
[Black "Konan_Kaddosh"]
[Result "1/2-1/2"]
[WhiteCountry "HUN"]
[BlackCountry "ITA"]
[WhiteElo "2408"]
[WhiteRD "88"]
[BlackElo "2606"]
[BlackRD "75"]
[GameID "237751"]

1. e4 e5 2. Nf3 Nc6 3. Bb5 a6 4. Ba4 Nf6 5. O-O Be7 6. Re1 b5 7. Bb3 d6 8. c3 O-O 9. h3 Na5 10. Bc2 c5
11. d4 Qc7 12. Nbd2 cxd4 13. cxd4 Bb7 14. d5 Rac8 15. Bd3 Nd7 16. Nf1 f5 17. Ng3 f4 18. Nf1 Nc4 19. b3 Ncb6 20. Bd2 Qb8
21. Ba5=
1/2-1/2

[Event "Standard Chess, 30+3, KO, open to all"]
[Site "SchemingMind.com"]
[Date "2010.02.04"]
[Round "-"]
[White "Konan_Kaddosh"]
[Black "Ilang"]
[Result "1-0"]
[WhiteCountry "ITA"]
[BlackCountry "HUN"]
[WhiteElo "2606"]
[WhiteRD "75"]
[BlackElo "2408"]
[BlackRD "88"]
[GameID "237756"]

1. e4 c6 2. d4 d5 3. e5 Bf5 4. Nf3 e6 5. Be2 Nd7 6. O-O Ne7 7. Nh4 Be4 8. Nd2 c5 9. Nxe4 dxe4 10. g3 Qb6
11. c3 cxd4 12. cxd4 Nc6 13. Be3 Rd8 14. d5 Nc5 15. b4 Qxb4 16. dxc6 Rxd1 17. Rfxd1 bxc6 18. Rab1 Qa5 19. Rb8+ Ke7 20. Bb5 Nd3
21. Bxc6 Qxe5 22. Rb5
1-0